FUNDAMENTALS OF COMPUTER AIDED CIRCUIT SIMULATION (Record no. 585597)
[ view plain ]
| 000 -LEADER | |
|---|---|
| fixed length control field | 00310nam a22001217a 4500 |
| 020 ## - INTERNATIONAL STANDARD BOOK NUMBER | |
| International Standard Book Number | 0-89838-248-3 |
| 082 ## - DEWEY DECIMAL CLASSIFICATION NUMBER | |
| Classification number | 621.38193 MCC'F |
| 100 ## - MAIN ENTRY--PERSONAL NAME | |
| Personal name | MCCALLA, W.J ,PACKARD, H |
| 9 (RLIN) | 80703 |
| 245 ## - TITLE STATEMENT | |
| Title | FUNDAMENTALS OF COMPUTER AIDED CIRCUIT SIMULATION |
| 260 ## - PUBLICATION, DISTRIBUTION, ETC. | |
| Place of publication, distribution, etc. | BOSTON |
| Name of publisher, distributor, etc. | KLUWER |
| Date of publication, distribution, etc. | 1988 |
| 300 ## - PHYSICAL DESCRIPTION | |
| Extent | 175P |
| 942 ## - ADDED ENTRY ELEMENTS (KOHA) | |
| Koha item type | Book |
| Withdrawn status | Lost status | Damaged status | Not for loan | Permanent Location | Current Location | Shelving location | Date acquired | Total Checkouts | Full call number | Barcode | Date last seen | Price effective from | Koha item type |
|---|---|---|---|---|---|---|---|---|---|---|---|---|---|
| College of Electrical & Mechanical Engineering (CEME) | College of Electrical & Mechanical Engineering (CEME) | General Stacks | 07/10/2017 | 621.38193 MCC'F | CEME-24414 | 06/28/2021 | 06/28/2021 | Book |
